Nicknames...versión en español - Statistics

General Stats
  • This quiz has been taken 6 times
  • The average score is 3 of 12
Answer Stats
Spanish Answer % Correct
Los Chicos The Boys
100%
Las Adeles The Adeles
40%
República Democrática de Bongos The Democratic Republic of Bongos
40%
Bárbara Barbs
20%
Beth la topadora Morrow Beth the Bulldozer Morrow
20%
Almohadas de chocolate Choccy Pillows
20%
Paz y tranquilidad Peace and Quiet
20%
Samuél y Jonathan Sam and Jonny
20%
Espaguetis a la Boloñesa Beth Spag Bol Beth
20%
Tetas de azúcar Sugar
20%
El diablo de las antípodas The Devil from Downunder
20%
Bizcocho Esponjoso Sponge
0%
No matching quizzes found
Score Distribution
Percent of People with Each Score
Percentile by Number Answered
Your Score History
You have not taken this quiz